List of authors

Elmentve itt :
Bibliográfiai részletek
Testületi szerző: Conference of PhD students in computer science (11.) (2018) (Szeged)
Dokumentumtípus: Könyv része
Megjelent: 2018
Sorozat:Conference of PhD Students in Computer Science 11
Kulcsszavak:Számítástechnika - konferencia - szerzők
Online Access:http://acta.bibl.u-szeged.hu/61803
LEADER 00625naa a2200169 i 4500
001 acta61803
005 20260224081030.0
008 191104s2018 hu o 100 eng d
040 |a SZTE Egyetemi Kiadványok Repozitórium  |b hun 
041 |a eng 
245 0 0 |a List of authors  |h [elektronikus dokumentum] 
260 |c 2018 
300 |a 199-201 
490 0 |a Conference of PhD Students in Computer Science  |v 11 
695 |a Számítástechnika - konferencia - szerzők 
710 |a Conference of PhD students in computer science (11.) (2018) (Szeged) 
856 4 0 |u http://acta.bibl.u-szeged.hu/61803/1/cscs_2018_212-214.pdf  |z Dokumentum-elérés